You, too, can be an electrician (Record no. 144614)

MARC details
000 -LEADER
fixed length control field 00269nam a2200097Ia 4500
082 ## - DEWEY DECIMAL CLASSIFICATION NUMBER
Classification number J 333.7932 MACG
008 - FIXED-LENGTH DATA ELEMENTS--GENERAL INFORMATION
fixed length control field 210817s9999 xx 000 0 und d
100 ## - MAIN ENTRY--PERSONAL NAME
Personal name Macgregor, Neil Cape Town, 2009
9 (RLIN) 42604
245 #0 - TITLE STATEMENT
Title You, too, can be an electrician
942 ## - ADDED ENTRY ELEMENTS
item type Books
Holdings
Withdrawn status Lost status Damaged status Not for loan Home library Current library Date acquired Cost, normal purchase price Total Checkouts Barcode Date last seen Price effective from item type
        Funda PL (MMID-PLEMA-FUND) Funda PL (MMID-PLEMA-FUND) 18.08.2021 75.00   3322810030937 18.08.2021 18.08.2021 Books